[Event "GER-chT Seniors 18th"]
[Site "Finsterbergen"]
[Date "2009.09.18"]
[Round "7"]
[White "Goebel, Wolfgang"]
[Black "Nuenchert, Eveline"]
[Result "1/2-1/2"]
[WhiteElo "2137"]
[BlackElo "2119"]
[PlyCount "22"]
[EventDate "2009.09.12"]
[EventType "team-swiss"]
[EventRounds "7"]
[EventCountry "GER"]
[SourceTitle "CBM 132 Extra"]
[Source "ChessBase"]
[SourceDate "2009.11.03"]
[SourceVersion "1"]
[SourceVersionDate "2009.11.03"]
[SourceQuality "1"]

1. d4 d5 2. Nf3 Nf6 3. e3 e6 4. Bd3 Be7 5. 0-0 Nbd7 6. b3 0-0 7. Nbd2 c5 8. Bb2 Rb8 9. a4 b6 10. Ne5 Bb7 11. f4 Ne4 1/2-1/2

[Event "GER-chT Seniors 18th"]
[Site "Finsterbergen"]
[Date "2009.09.16"]
[Round "5"]
[White "Schwertel, Johann"]
[Black "Goebel, Wolfgang"]
[Result "1/2-1/2"]
[WhiteElo "2007"]
[BlackElo "2137"]
[PlyCount "45"]
[EventDate "2009.09.12"]
[EventType "team-swiss"]
[EventRounds "7"]
[EventCountry "GER"]
[SourceTitle "CBM 132 Extra"]
[Source "ChessBase"]
[SourceDate "2009.11.03"]
[SourceVersion "1"]
[SourceVersionDate "2009.11.03"]
[SourceQuality "1"]

1. d4 g6 2. Nf3 Bg7 3. c3 d6 4. Bf4 Nd7 5. e3 c6 6. Bc4 Ngf6 7. Bg3 0-0 8. 0-0 h6 9. Qc2 b5 10. Be2 Nh5 11. Nbd2 Nxg3 12. hxg3 e5 13. Rfe1 Qe7 14. a4 bxa4 15. Rxa4 Nb6 16. Ra5 Bg4 17. Rea1 Qc7 18. Nc4 Nxc4 19. Bxc4 Bf5 20. Qa4 Rfb8 21. Rxa7 Rxa7 22. Qxa7 Rb7 23. Qa3 1/2-1/2

[Event "GER-chT Seniors 18th"]
[Site "Finsterbergen"]
[Date "2009.09.13"]
[Round "2"]
[White "Goebel, Wolfgang"]
[Black "Kelchner, Hans"]
[Result "1/2-1/2"]
[WhiteElo "2137"]
[BlackElo "2189"]
[PlyCount "67"]
[EventDate "2009.09.12"]
[EventType "team-swiss"]
[EventRounds "7"]
[EventCountry "GER"]
[SourceTitle "CBM 132 Extra"]
[Source "ChessBase"]
[SourceDate "2009.11.03"]
[SourceVersion "1"]
[SourceVersionDate "2009.11.03"]
[SourceQuality "1"]

1. d4 d5 2. Nf3 Nf6 3. e3 c6 4. c4 Bf5 5. Nc3 e6 6. Nh4 Bg4 7. Qb3 Qb6 8. f3 Bh5 9. g4 Bg6 10. Nxg6 hxg6 11. c5 Qc7 12. Qc2 e5 13. g5 Nh5 14. Qg2 Nd7 15. Kf2 0-0-0 16. b4 Re8 17. b5 exd4 18. exd4 Nxc5 19. bxc6 Qxc6 20. Qg4+ Ne6 21. Be3 Ba3 22. Bb5 Qxc3 23. Rac1 Bxc1 24. Rxc1 Qxc1 25. Bxc1 Rd8 26. Be3 Kb8 27. Bd3 Rc8 28. Bd2 a6 29. Bxg6 fxg6 30. Qxe6 Rc6 31. Qxd5 Re8 32. Qb3 Rd6 33. Qb4 Red8 34. Be3 1/2-1/2

[Event "GER-chT Seniors 16th"]
[Site "Halle"]
[Date "2007.09.13"]
[Round "1.3"]
[White "Goebel, Wolfgang"]
[Black "Baumbach, Friedrich"]
[Result "1/2-1/2"]
[WhiteElo "2117"]
[BlackElo "2273"]
[PlyCount "43"]
[EventDate "2007.09.13"]
[EventType "team"]
[EventRounds "7"]
[EventCountry "GER"]
[SourceTitle "EXT 2008"]
[Source "ChessBase"]
[SourceDate "2007.11.25"]
[SourceVersion "1"]
[SourceVersionDate "2007.11.25"]
[SourceQuality "1"]

1. e4 c5 2. a3 Nf6 3. e5 Nd5 4. c4 Nc7 5. d4 cxd4 6. Qxd4 Nc6 7. Qe4 g6 8. b4 Bg7 9. Bb2 d6 10. f4 dxe5 11. fxe5 Bf5 12. Qe3 Ne6 13. Nf3 Bg4 14. Nbd2 Qd7 15. h3 Bxf3 16. Nxf3 Rd8 17. Be2 Ned4 18. Nxd4 Nxd4 19. 0-0-0 Nxe2+ 20. Qxe2 Bh6+ 21. Kb1 Qf5+ 22. Qc2 1/2-1/2

[Event "EU-chT Seniors 09th"]
[Site "Dresden"]
[Date "2007.02.18"]
[Round "3"]
[White "Goebel, Wolfgang"]
[Black "Biebinger, Gerhard"]
[Result "0-1"]
[WhiteElo "2124"]
[BlackElo "2326"]
[PlyCount "90"]
[EventDate "2007.02.16"]
[EventType "team-swiss"]
[EventRounds "9"]
[EventCountry "GER"]
[SourceTitle "CBM 117 Extra"]
[Source "ChessBase"]
[SourceDate "2007.05.09"]
[SourceVersion "1"]
[SourceVersionDate "2007.05.09"]
[SourceQuality "1"]

1. d4 Nf6 2. Nf3 c5 3. e3 g6 4. Be2 Bg7 5. 0-0 0-0 6. c3 b6 7. b4 Bb7 8. Nbd2 d6 9. Qb3 Nbd7 10. Ba3 Rc8 11. Rac1 Rc7 12. Rfd1 Qa8 13. Bb2 h6 14. h3 Rfc8 15. c4 cxd4 16. exd4 e6 17. a4 Nh5 18. Bf1 Re8 19. Re1 Kh7 20. Qe3 Rcc8 21. Ne4 Qb8 22. g4 Nhf6 23. Ng3 Kg8 24. Nd2 Nh7 25. f4 d5 26. Bg2 dxc4 27. Bxb7 Qxb7 28. Nxc4 Qd5 29. Ne4 Bf8 30. Qb3 Nhf6 31. Ned2 b5 32. axb5 Qxb5 33. Ba3 Nd5 34. f5 exf5 35. Rxe8 Rxe8 36. gxf5 Nf4 37. Rf1 Qxf5 38. Qf3 Nxh3+ 39. Kg2 Qxf3+ 40. Rxf3 Ng5 41. Rd3 Ne6 42. Kf3 Bg7 43. Nd6 Rb8 44. Ke4 Nf6+ 45. Ke3 Nd5+ 0-1

[Event "Sachsen-ch Seniors 14th"]
[Site "Dresden"]
[Date "2005.07.30"]
[Round "9"]
[White "Juergens, Peter1111"]
[Black "Goebel, Wolfgang"]
[Result "1/2-1/2"]
[WhiteElo "2087"]
[BlackElo "2127"]
[PlyCount "51"]
[EventDate "2005.07.22"]
[EventType "swiss"]
[EventRounds "9"]
[EventCountry "GER"]
[SourceTitle "EXT 2006"]
[Source "ChessBase"]
[SourceDate "2005.11.24"]
[SourceVersion "1"]
[SourceVersionDate "2005.11.24"]
[SourceQuality "1"]

1. d4 f5 2. Bg5 g6 3. Nc3 Bg7 4. e4 fxe4 5. Nxe4 d5 6. Nc5 b6 7. Nb3 Nh6 8. Qd2 Nf7 9. Bf4 0-0 10. Nf3 c5 11. c3 c4 12. Nc1 Nc6 13. Ne2 Bg4 14. Ng5 e5 15. Nxf7 Rxf7 16. Be3 e4 17. h3 Bd7 18. Ng3 b5 19. a3 Qf8 20. Be2 h5 21. 0-0 Re8 22. Rae1 h4 23. Nh1 Ne7 24. Bg5 Nf5 25. Bg4 Bf6 26. Bxf5 1/2-1/2

[Event "Sachsen-ch Seniors 14th"]
[Site "Dresden"]
[Date "2005.07.25"]
[Round "4"]
[White "Goebel, Wolfgang"]
[Black "Goettert, Stefan"]
[Result "1/2-1/2"]
[WhiteElo "2127"]
[BlackElo "2184"]
[PlyCount "76"]
[EventDate "2005.07.22"]
[EventType "swiss"]
[EventRounds "9"]
[EventCountry "GER"]
[SourceTitle "EXT 2006"]
[Source "ChessBase"]
[SourceDate "2005.11.24"]
[SourceVersion "1"]
[SourceVersionDate "2005.11.24"]
[SourceQuality "1"]

1. e4 e6 2. d4 d5 3. Nc3 Bb4 4. exd5 exd5 5. Qf3 Be6 6. Bd3 Nc6 7. Nge2 Nge7 8. a3 Ba5 9. 0-0 Qd7 10. h3 0-0-0 11. Bb5 a6 12. Ba4 Rdg8 13. b4 Bb6 14. b5 axb5 15. Bxb5 g5 16. Na4 g4 17. Nxb6+ cxb6 18. Qb3 gxh3 19. g3 h2+ 20. Kxh2 h5 21. Bf4 h4 22. Kg1 f6 23. c4 hxg3 24. fxg3 dxc4 25. Bxc4 Nd5 26. Rac1 Qh7 27. Kf2 Qe4 28. Qf3 Rh2+ 29. Ke1 Qxf3 30. Rxf3 Rh1+ 31. Rf1 Rxf1+ 32. Kxf1 Rh8 33. Kg2 Kd7 34. Kf3 Rh2 35. Bb5 f5 36. Bg5 Kd6 37. Bf4+ Nxf4 38. Kxf4 Rh5 1/2-1/2

[Event "GER-chT Seniors 12th"]
[Site "Finsterbergen"]
[Date "2003.08.13"]
[Round "4.4"]
[White "Goebel, Wolfgang"]
[Black "Packroff, Hermann"]
[Result "1/2-1/2"]
[WhiteElo "2125"]
[BlackElo "2228"]
[PlyCount "82"]
[EventDate "2003.08.10"]
[EventType "team"]
[EventRounds "7"]
[EventCountry "GER"]
[SourceTitle "EXT 2012"]
[Source "ChessBase"]
[SourceDate "2011.11.24"]
[SourceVersion "1"]
[SourceVersionDate "2011.11.24"]
[SourceQuality "1"]
[WhiteTeam "Schleswig Holstein"]
[BlackTeam "Sachsen Anhalt Seniors"]
[WhiteTeamCountry "GER"]
[BlackTeamCountry "GER"]

1. e4 Nf6 2. Nc3 e5 3. d4 exd4 4. Qxd4 Nc6 5. Qe3 Bb4 6. Bd2 d6 7. 0-0-0 0-0 8. Qg3 Kh8 9. f3 Be6 10. a3 Ba5 11. Nge2 a6 12. h4 b5 13. h5 h6 14. Nf4 Ne5 15. Nxe6 fxe6 16. Qh3 Qe7 17. Be2 c5 18. g4 Rab8 19. g5 Ng8 20. f4 Nc4 21. Bxc4 bxc4 22. gxh6 Nxh6 23. Rdg1 d5 24. f5 Bxc3 25. Qxc3 d4 26. Qxc4 exf5 27. Bxh6 gxh6 28. Rg6 Rf6 29. Rhg1 Rxg6 30. Rxg6 fxe4 31. Rxh6+ Kg7 32. Rg6+ Kh7 33. Qxa6 Qf7 34. Rh6+ Kg7 35. Rg6+ Kh7 36. Rh6+ Kg7 37. Qg6+ Qxg6 38. Rxg6+ Kh7 39. Re6 e3 40. b3 Rf8 41. a4 Rf1+ 1/2-1/2

[Event "Oberliga Nord O 0102"]
[Site "Germany"]
[Date "2002.04.15"]
[Round "8.7"]
[White "Badestein, Hartmut"]
[Black "Goebel, Wolfgang"]
[Result "1-0"]
[WhiteElo "2156"]
[BlackElo "2105"]
[PlyCount "125"]
[EventDate "2001.10.07"]
[EventType "team"]
[EventRounds "9"]
[EventCountry "GER"]
[SourceTitle "EXT 2002"]
[Source "ChessBase"]
[SourceDate "2001.11.25"]
[SourceVersion "1"]
[SourceVersionDate "2001.11.25"]
[SourceQuality "1"]
[WhiteTeam "Friesen Lichtenberg"]
[BlackTeam "Rehberge"]
[WhiteTeamCountry "GER"]
[BlackTeamCountry "GER"]

1. e4 c5 2. Nf3 d6 3. d4 cxd4 4. Nxd4 Nf6 5. Nc3 g6 6. Bg5 Bg7 7. Be2 0-0 8. 0-0 Nc6 9. Nb3 a6 10. f4 b5 11. Bf3 Bb7 12. Kh1 b4 13. Nd5 Nxd5 14. exd5 Na7 15. Qe1 Re8 16. Qxb4 Rb8 17. Qd2 Bxb2 18. Rab1 Bg7 19. c4 Qc7 20. Rbc1 e6 21. Rfe1 exd5 22. cxd5 Qd7 23. Na5 Nb5 24. Nc6 Bxc6 25. dxc6 Qc7 26. Rxe8+ Rxe8 27. Re1 Rxe1+ 28. Qxe1 Kf8 29. h3 h6 30. Bh4 Nd4 31. Bd5 Nf5 32. Bf2 Bf6 33. Qb4 Bd8 34. Qc4 a5 35. g4 Ne7 36. Bxf7 Qxc6+ 37. Qxc6 Nxc6 38. Bxg6 d5 39. Kg2 Kg7 40. Be8 Nb4 41. a4 Nd3 42. Bd4+ Kf8 43. Bc6 Nxf4+ 44. Kf3 Nxh3 45. Bxd5 Bc7 46. Ke4 Nf4 47. Bc4 Ng6 48. Kf5 Ne7+ 49. Ke6 Nc6 50. Bf6 Bf4 51. Bb5 Nb4 52. Bd8 Nc2 53. Bxa5 Nd4+ 54. Kd5 Nb3 55. Bb4+ Kf7 56. a5 Nxa5 57. Bxa5 Kg6 58. Be8+ Kg7 59. Ke4 Bg5 60. Kf5 Bf6 61. Bd2 Bd4 62. Bf4 Kf8 63. Bh5 1-0

[Event "Oberliga Nord O 0102"]
[Site "Germany"]
[Date "2001.10.07"]
[Round "1.7"]
[White "Goebel, Wolfgang"]
[Black "Welz, Peter"]
[Result "1-0"]
[WhiteElo "2105"]
[BlackElo "2220"]
[PlyCount "122"]
[EventDate "2001.10.07"]
[EventType "team"]
[EventRounds "9"]
[EventCountry "GER"]
[SourceTitle "EXT 2002"]
[Source "ChessBase"]
[SourceDate "2001.11.25"]
[SourceVersion "1"]
[SourceVersionDate "2001.11.25"]
[SourceQuality "1"]
[WhiteTeam "Rehberge"]
[BlackTeam "Berlin Empor"]
[WhiteTeamCountry "GER"]
[BlackTeamCountry "GER"]

1. e4 e6 2. Qe2 Be7 3. b3 c5 4. Bb2 f6 5. f4 Nc6 6. Nf3 Nh6 7. Nc3 0-0 8. 0-0-0 a6 9. h3 b5 10. g4 Nf7 11. e5 d5 12. exd6 Bxd6 13. Ne4 c4 14. g5 f5 15. Nxd6 Qxd6 16. Ne5 cxb3 17. axb3 Bb7 18. Rg1 g6 19. d4 Rac8 20. Nxc6 Bxc6 21. Qe3 Bd5 22. Kb1 b4 23. Rd2 Qc6 24. Bg2 Nd6 25. Bxd5 Qxd5 26. Qe5 Ne4 27. Rd3 Rfe8 28. h4 Rcd8 29. h5 Qxe5 30. dxe5 Nd2+ 31. Kc1 Rxd3 32. cxd3 Nxb3+ 33. Kc2 Nc5 34. hxg6 hxg6 35. Rc1 a5 36. Bd4 Nb7 37. Kb3 Ra8 38. Rc7 Nd8 39. Bc5 Nf7 40. Ka4 Rd8 41. Kxa5 b3 42. Rb7 Rxd3 43. Rb8+ Nd8 44. Bd6 b2 45. Rxd8+ Kf7 46. Rf8+ Kg7 47. Rb8 Rd5+ 48. Ka4 Rd4+ 49. Ka3 Rxf4 50. Rb7+ Kg8 51. Kxb2 Rg4 52. Be7 Re4 53. Bf6 f4 54. Kc2 Kf8 55. Kd3 Ra4 56. Ke2 Rc4 57. Rg7 Ke8 58. Re7+ Kd8 59. Rxe6+ Kc7 60. Kf3 Kd7 61. Ra6 Ke8 1-0

[Event "BL2-Nord 9900"]
[Site "Germany"]
[Date "2000.01.30"]
[Round "5.8"]
[White "Goebel, Wolfgang"]
[Black "Mueller, Oliver"]
[Result "0-1"]
[WhiteElo "2150"]
[BlackElo "2255"]
[PlyCount "58"]
[EventDate "1999.10.10"]
[EventType "team-tourn"]
[EventRounds "9"]
[EventCountry "GER"]
[SourceTitle "CBM 074 Extra"]
[Source "ChessBase"]
[SourceDate "2000.03.10"]
[SourceVersion "2"]
[SourceVersionDate "2000.03.10"]
[SourceQuality "1"]
[WhiteTeam "Berlin Empor"]
[BlackTeam "Werder Bremen II"]
[WhiteTeamCountry "GER"]
[BlackTeamCountry "GER"]

1. Nc3 d5 2. e4 c6 3. f4 dxe4 4. Nxe4 Nd7 5. Nf3 Ngf6 6. Nf2 e6 7. b3 Bd6 8. Nd3 0-0 9. Bb2 Nd5 10. g3 f6 11. c4 Nc7 12. Qc2 Na6 13. 0-0-0 e5 14. Re1 Re8 15. fxe5 fxe5 16. Qc3 b5 17. cxb5 cxb5 18. Qc6 Nb6 19. Bxe5 Ba3+ 20. Bb2 Rxe1+ 21. Nfxe1 Bd7 22. Qe4 Qc8+ 23. Kb1 Bxb2 24. Bg2 Bf5 25. Qc6 Ba3 26. g4 Bg6 27. Bd5+ Kh8 28. Be4 Qxc6 29. Bxc6 Rc8 0-1

[Event "Oberliga Nord O 0001"]
[Site "Germany"]
[Date "2000.??.??"]
[Round "?"]
[White "Goebel, Wolfgang"]
[Black "Wuttke, Stefan"]
[Result "0-1"]
[WhiteElo "2115"]
[BlackElo "2095"]
[PlyCount "76"]
[EventDate "2000.10.??"]
[EventType "team"]
[EventRounds "9"]
[EventCountry "GER"]
[SourceTitle "EXT 2004"]
[Source "ChessBase"]
[SourceDate "2003.11.25"]
[SourceVersion "1"]
[SourceVersionDate "2003.11.25"]
[SourceQuality "1"]

1. d4 d5 2. Nf3 Nf6 3. e3 Bf5 4. c4 e6 5. Qb3 Qc8 6. cxd5 exd5 7. Nc3 c6 8. Bd2 Bd6 9. Rc1 0-0 10. Be2 Nbd7 11. 0-0 h6 12. a4 Ne4 13. Be1 Ndf6 14. Ne5 Nxc3 15. Bxc3 Re8 16. f3 Nd7 17. g4 Be6 18. f4 f6 19. Nd3 f5 20. gxf5 Bxf5 21. Ne5 Nf6 22. Bf3 Ne4 23. Be1 Rb8 24. Kh1 Qe6 25. Qd1 Bxe5 26. fxe5 Ng5 27. Bg2 Rf8 28. Bb4 Rf7 29. Bd6 Rd8 30. b4 Ne4 31. b5 Nxd6 32. exd6 Rxd6 33. bxc6 bxc6 34. Qf3 Rdd7 35. Qg3 Be4 36. Rf4 Bxg2+ 37. Kxg2 Rxf4 38. Qxf4 Rf7 0-1

[Event "Oberliga Nord O 9899"]
[Site "Germany"]
[Date "1998.??.??"]
[Round "?"]
[White "Hoeckendorf, Hartmut"]
[Black "Goebel, Wolfgang"]
[Result "1/2-1/2"]
[WhiteElo "2245"]
[BlackElo "2175"]
[PlyCount "55"]
[EventDate "1998.10.??"]
[EventType "team"]
[EventRounds "9"]
[EventCountry "GER"]
[SourceTitle "EXT 2000"]
[Source "ChessBase"]
[SourceDate "1999.11.16"]
[SourceVersion "1"]
[SourceVersionDate "1999.11.16"]
[SourceQuality "1"]

1. e4 e5 2. Nc3 Nf6 3. f4 d5 4. fxe5 Nxe4 5. Qf3 Nxc3 6. dxc3 c6 7. Bd3 Be7 8. Ne2 Be6 9. 0-0 Nd7 10. Qg3 Qc7 11. Nd4 0-0-0 12. Bf5 Bc5 13. b4 Bb6 14. Kh1 Rde8 15. Bf4 Bxd4 16. Bxe6 fxe6 17. cxd4 Nf8 18. Bd2 Ng6 19. b5 c5 20. Qa3 b6 21. dxc5 bxc5 22. Ba5 Qe7 23. Rfe1 Kb7 24. c4 Rhf8 25. cxd5 exd5 26. Bc3 Nf4 27. Qa6+ Ka8 28. Qc6+ 1/2-1/2